000 00368nam a2200145 i 4500
001 bg
100 1 _aNOWICKI, Tadeusz
245 0 _aArchitektura sieci teleinformatycznych /
_cT. Nowicki, W. Stańczyk.
260 _aWarszawa,
_c1979.
700 1 _aSTAŃCZYK, Wiesław
040 _cBPK
041 _apol
942 _cKS
008 s pl f |000 0 pol
999 _c18654
_d18654
856 _uhttp://koha.tu.koszalin.pl/cgi-bin/koha/opac-detail.pl?biblionumber=18654
_yKatalog online BPK